La noticia interpretada
Salvato in:
| Autore principale: | |
|---|---|
| Natura: | Libro |
| Lingua: | spagnolo |
| Pubblicazione: |
Santiago
Atena
1990
|
| Soggetti: | |
| Tags: |
Aggiungi Tag
Nessun Tag, puoi essere il primo ad aggiungerne!!
|
MARC
| LEADER | 00000nam a2200000 a 4500 | ||
|---|---|---|---|
| 001 | UCY5991 | ||
| 003 | CL-VaPUC | ||
| 005 | 20230517150928.0 | ||
| 008 | 950521e19900000CL |||||||||||||||||spa|d | ||
| 999 | |c 233586 |d 233584 | ||
| 040 | |c Pontificia Universidad Católica de Valparaíso | ||
| 082 | 0 | 4 | |a 070.4 |b MUL |2 21 |
| 100 | |a Müller González, John |e autor |9 335524 | ||
| 245 | 1 | 3 | |a La noticia interpretada |
| 246 | 1 | 0 | |a Hurgando tras un género periodístico |
| 260 | |a Santiago |b Atena |c 1990 | ||
| 300 | |a 148 p | ||
| 583 | |a last modification |c 19950521 00:00:00 |k Rodrigo Vera | ||
| 650 | 0 | |a Periodismo |9 310113 |x Redacción periodística |v Análisis critico | |
| 650 | 0 | |a Noticias periodísticas |2 CL-VaPUC |9 335529 |v Análisis crítico |v Aspectos teóricos | |
| 650 | 0 | |a Géneros periodísticos |9 552645 |x Periodismo interpretativo |x Noticias | |
| 942 | |c BK |2 ddc | ||
| 945 | |d 19950521 00:00:00 |a rbrito | ||
| 952 | |0 0 |1 0 |4 0 |6 070_400000000000000_MUL_1990 |7 0 |8 A |9 239202 |a BIBCUR |b BIBCUR |d 2019-11-18 |i 3086364 |l 1 |o 070.4 MUL 1990 |p 3086364 |r 2025-04-22 |s 2022-06-07 |w 2019-11-18 |y BK |k PER | ||